000
00426nam a2200145Ia 4500
008
090124s9999 xx 000 0 und d
082
_b
134352
245
_a
अभिमानान सांगेन
250
_a
1
260
_b
नरवणे सुधा
_c
2007
300
_a
216
630
_a
अभिमानान सांगेन
730
_a
अभिमानान सांगेन
942
_c
BOOK
999
_c
197390
_d
197390